|
|
|
|
| LEADER |
01242nam a2200337 4500 |
| 001 |
DLU110126122 |
| 005 |
##20111005 |
| 040 |
# |
# |
|a DLU
|b vie
|
| 041 |
# |
# |
|a vie
|
| 044 |
# |
# |
|a vn
|
| 082 |
# |
# |
|a 621.398 1
|b TR-S
|
| 100 |
# |
# |
|a Trần Văn Sư.
|
| 245 |
# |
# |
|a Truyền số liệu và mạng thông tin số /
|c Trần Văn Sư.
|
| 250 |
# |
# |
|a Tái bản lần thứ nhất.
|
| 260 |
# |
# |
|a TP. HCM :
|b Đại học Quốc gia,
|c 2010.
|
| 300 |
# |
# |
|a 490 tr. :
|b minh hoạ ;
|c 24 cm.
|
| 504 |
# |
# |
|a Tài liệu tham khảo: tr.490.
|
| 505 |
# |
# |
|a Chương 1. Giới thiệu -- Chương 2. Kỹ thuật thông tin dữ liệu -- Chương 3. Truyền dẫn số -- Chương 4. Nghi thức cơ sở dữ liệu và nghi thức liên kết dữ liệu -- Chương 5. Mạng thông tin dữ liệu -- Chương 6. Mạng cục bộ -- Chương 7. Cấu trúc thông tin máy tính.
|
| 650 |
# |
# |
|a Hệ thống truyền dẫn số
|v Giáo trình.
|
| 650 |
# |
# |
|a Hệ thống truyền dữ liệu
|v Giáo trình.
|
| 923 |
# |
# |
|a 14/2011
|
| 991 |
# |
# |
|a GT
|
| 992 |
# |
# |
|a 65000
|
| 994 |
# |
# |
|a DLU
|
| 900 |
# |
# |
|a True
|
| 911 |
# |
# |
|a Đào Thị Thu Huyền
|
| 925 |
# |
# |
|a G
|
| 926 |
# |
# |
|a A
|
| 927 |
# |
# |
|a SH
|
| 980 |
# |
# |
|a Thư viện Trường Đại học Đà Lạt
|